[Event "World Senior Championship F50+/F65+"]
[Site "Katerini"]
[Date "2014.10.27"]
[Round "4.2"]
[White "Kasoshvili, Tsiala"]
[Black "Ankudinova, Yelena"]
[Result "1/2-1/2"]
[WhiteElo "2161"]
[BlackElo "2121"]
[EventDate "2014.10.24"]

1. d4 {[%clk 1:30:59]} d5 {[%clk 1:30:39]} 2. Nf3 {[%clk 1:31:23]} Nf6
{[%clk 1:31:02]} 3. c4 {[%clk 1:31:49]} c6 {[%clk 1:31:25]} 4. Nbd2
{[%clk 1:31:57]} g6 {[%clk 1:29:02]} 5. e3 {[%clk 1:29:52]} Bg7 {[%clk 1:29:16]}
6. Be2 {[%clk 1:27:45]} O-O {[%clk 1:29:23]} 7. O-O {[%clk 1:28:07]} Bg4
{[%clk 1:23:55]} 8. b3 {[%clk 1:24:28]} Nbd7 {[%clk 1:21:44]} 9. Bb2
{[%clk 1:24:49]} a6 {[%clk 1:16:42]} 10. Rc1 {[%clk 1:24:10]} Rc8
{[%clk 1:14:54]} 11. h3 {[%clk 1:06:26]} Bxf3 {[%clk 1:15:06]} 12. Nxf3
{[%clk 1:06:22]} Ne4 {[%clk 1:08:06]} 13. Rc2 {[%clk 1:04:03]} e6
{[%clk 1:07:11]} 14. Qd3 {[%clk 1:02:42]} Qe7 {[%clk 1:06:13]} 15. Rd1
{[%clk 1:01:31]} f5 {[%clk 0:55:03]} 16. Bf1 {[%clk 0:59:39]} g5 {[%clk 0:52:14]}
17. Ne5 {[%clk 0:49:08]} Nxe5 {[%clk 0:39:55]} 18. dxe5 {[%clk 0:49:33]} g4
{[%clk 0:33:11]} 19. f3 {[%clk 0:41:24]} Nc5 {[%clk 0:27:51]} 20. Qe2
{[%clk 0:35:58]} Nd7 {[%clk 0:27:57]} 21. fxg4 {[%clk 0:32:52]} Bxe5
{[%clk 0:19:02]} 22. Bxe5 {[%clk 0:24:05]} Nxe5 {[%clk 0:19:27]} 23. gxf5
{[%clk 0:19:16]} Rxf5 {[%clk 0:19:52]} 24. cxd5 {[%clk 0:16:41]} exd5
{[%clk 0:20:11]} 25. e4 {[%clk 0:16:08]} dxe4 {[%clk 0:19:45]} 26. Qxe4
{[%clk 0:16:25]} Qf6 {[%clk 0:15:58]} 27. Bc4+ {[%clk 0:09:27]} 1/2-1/2

[Event "World Senior Championship F50+/F65+"]
[Site "Katerini"]
[Date "2014.10.27"]
[Round "4.3"]
[White "Titorenko, Natalia I"]
[Black "Priedite, Ingrida"]
[Result "1/2-1/2"]
[WhiteElo "2123"]
[BlackElo "2225"]
[EventDate "2014.10.24"]

1. Nf3 {[%clk 1:30:58]} d5 {[%clk 1:30:43]} 2. g3 {[%clk 1:31:22]} Nf6
{[%clk 1:29:04]} 3. Bg2 {[%clk 1:31:44]} Bf5 {[%clk 1:27:09]} 4. d3
{[%clk 1:28:00]} c6 {[%clk 1:24:43]} 5. O-O {[%clk 1:27:12]} e6 {[%clk 1:17:28]}
6. Nbd2 {[%clk 1:26:03]} Nbd7 {[%clk 1:16:06]} 7. Qe1 {[%clk 1:24:26]} Bg6
{[%clk 1:10:49]} 8. h3 {[%clk 1:15:14]} Be7 {[%clk 1:10:10]} 9. e4
{[%clk 1:14:59]} dxe4 {[%clk 1:07:51]} 10. dxe4 {[%clk 1:15:27]} e5
{[%clk 1:07:10]} 11. Nh4 {[%clk 1:11:57]} O-O {[%clk 1:06:46]} 12. Nxg6
{[%clk 0:58:26]} hxg6 {[%clk 1:06:59]} 13. Qe2 {[%clk 0:54:39]} Nc5
{[%clk 1:00:34]} 14. Nb3 {[%clk 0:39:13]} Qc7 {[%clk 0:55:20]} 15. Bg5
{[%clk 0:32:42]} Nxb3 {[%clk 0:53:03]} 16. axb3 {[%clk 0:33:08]} Bc5
{[%clk 0:52:46]} 17. c3 {[%clk 0:24:12]} Rad8 {[%clk 0:49:52]} 18. b4
{[%clk 0:19:31]} Bb6 {[%clk 0:44:29]} 19. Bf3 {[%clk 0:18:19]} c5
{[%clk 0:41:58]} 20. bxc5 {[%clk 0:14:37]} Qxc5 {[%clk 0:40:10]} 21. Kg2
{[%clk 0:12:06]} 1/2-1/2

[Event "World Senior Championship F50+/F65+"]
[Site "Katerini"]
[Date "2014.10.27"]
[Round "4.4"]
[White "Fatalibekova, Elena"]
[Black "Melashvili, Nino"]
[Result "1/2-1/2"]
[WhiteElo "2215"]
[BlackElo "2135"]
[EventDate "2014.10.24"]

1. e4 {[%clk 1:30:56]} d5 {[%clk 1:30:36]} 2. exd5 {[%clk 1:31:17]} Nf6
{[%clk 1:30:55]} 3. c4 {[%clk 1:31:29]} c6 {[%clk 1:31:13]} 4. d4
{[%clk 1:31:37]} cxd5 {[%clk 1:30:30]} 5. Nc3 {[%clk 1:31:44]} Nc6
{[%clk 1:30:32]} 6. Bg5 {[%clk 1:29:49]} dxc4 {[%clk 1:05:10]} 7. Bxc4
{[%clk 1:29:59]} Qa5 {[%clk 0:55:05]} 8. Bxf6 {[%clk 0:58:02]} gxf6
{[%clk 0:48:19]} 9. d5 {[%clk 0:51:26]} Ne5 {[%clk 0:48:10]} 10. Bb5+
{[%clk 0:50:33]} Bd7 {[%clk 0:48:26]} 11. Bxd7+ {[%clk 0:50:30]} Nxd7
{[%clk 0:48:54]} 12. Nge2 {[%clk 0:50:30]} Nb6 {[%clk 0:44:10]} 13. Qb3
{[%clk 0:43:14]} O-O-O {[%clk 0:40:29]} 14. Rd1 {[%clk 0:42:59]} Rg8
{[%clk 0:34:08]} 15. O-O {[%clk 0:42:48]} Kb8 {[%clk 0:33:26]} 16. Ng3
{[%clk 0:38:30]} Qc5 {[%clk 0:32:30]} 17. Nce4 {[%clk 0:15:26]} Qc4 18. d6
1/2-1/2

[Event "World Senior Championship F50+/F65+"]
[Site "Katerini"]
[Date "2014.10.27"]
[Round "4.5"]
[White "Bogumil, Tatiana"]
[Black "Saunina, Ludmila"]
[Result "0-1"]
[WhiteElo "2149"]
[BlackElo "2190"]
[EventDate "2014.10.24"]

1. d4 {[%clk 1:30:44]} d5 {[%clk 1:30:43]} 2. Nf3 {[%clk 1:30:38]} Nf6
{[%clk 1:31:05]} 3. g3 {[%clk 1:30:03]} c5 {[%clk 1:31:22]} 4. Bg2
{[%clk 1:25:58]} Nc6 {[%clk 1:30:40]} 5. O-O {[%clk 1:23:18]} e6 {[%clk 1:30:19]}
6. c3 {[%clk 1:20:08]} Be7 {[%clk 1:29:25]} 7. dxc5 {[%clk 1:15:48]} Bxc5
{[%clk 1:29:46]} 8. b4 {[%clk 1:16:29]} Bd6 {[%clk 1:29:31]} 9. b5
{[%clk 1:10:55]} Na5 {[%clk 1:27:01]} 10. Ba3 {[%clk 1:06:18]} O-O
{[%clk 1:24:20]} 11. Qa4 {[%clk 1:03:54]} Nc4 {[%clk 1:23:31]} 12. Bxd6
{[%clk 1:03:26]} Nxd6 {[%clk 1:20:09]} 13. Qb4 {[%clk 0:57:13]} Qc7
{[%clk 1:19:19]} 14. Nbd2 {[%clk 0:56:31]} Bd7 {[%clk 1:19:30]} 15. a4
{[%clk 0:56:22]} a5 {[%clk 1:19:01]} 16. Qf4 {[%clk 0:49:26]} Rac8
{[%clk 1:17:20]} 17. Ne5 {[%clk 0:46:31]} Rfd8 {[%clk 1:14:59]} 18. Rac1
{[%clk 0:41:57]} Nc4 {[%clk 1:05:38]} 19. Ndxc4 dxc4 {[%clk 1:06:03]} 20. Rcd1
{[%clk 0:36:17]} b6 {[%clk 1:03:55]} 21. Rd4 {[%clk 0:34:47]} Be8
{[%clk 1:01:32]} 22. Rxc4 {[%clk 0:31:30]} Qe7 {[%clk 0:59:57]} 23. Rxc8
{[%clk 0:30:11]} Rxc8 {[%clk 1:00:24]} 24. Qd4 {[%clk 0:27:49]} Qc7
{[%clk 1:00:18]} 25. c4 {[%clk 0:24:24]} Rd8 {[%clk 0:58:29]} 26. Qe3
{[%clk 0:24:28]} h6 {[%clk 0:53:28]} 27. h3 {[%clk 0:19:58]} Qd6 {[%clk 0:50:14]}
28. Rc1 {[%clk 0:17:47]} Rc8 {[%clk 0:50:12]} 29. Nc6 {[%clk 0:06:56]} Nd7
{[%clk 0:49:03]} 30. Qd3 {[%clk 0:05:03]} Qf8 {[%clk 0:48:21]} 31. Rd1
{[%clk 0:04:46]} Nc5 {[%clk 0:47:49]} 32. Qc2 {[%clk 0:03:57]} Bd7
{[%clk 0:44:25]} 33. Ne5 {[%clk 0:03:09]} Rc7 {[%clk 0:44:05]} 34. Rd4
{[%clk 0:02:40]} Qe7 {[%clk 0:32:21]} 35. Qd1 {[%clk 0:02:18]} f6
{[%clk 0:31:54]} 36. Nc6 {[%clk 0:02:17]} Qf8 {[%clk 0:31:17]} 37. Kh2
{[%clk 0:02:16]} Kh8 {[%clk 0:30:03]} 38. e3 {[%clk 0:02:36]} e5 {[%clk 0:29:18]}
39. Rd2 {[%clk 0:31:31]} Qe8 {[%clk 0:57:45]} 40. Bd5 {[%clk 0:31:41]} Kh7
{[%clk 0:51:36]} 41. e4 {[%clk 0:29:11]} Qf8 {[%clk 0:46:36]} 42. f4
{[%clk 0:28:21]} Qe8 {[%clk 0:46:32]} 43. Rf2 {[%clk 0:17:26]} exf4
{[%clk 0:42:36]} 44. gxf4 {[%clk 0:16:22]} Nxe4 {[%clk 0:41:34]} 45. Re2
{[%clk 0:13:20]} f5 {[%clk 0:40:56]} 46. Qd4 {[%clk 0:11:50]} Qh5
{[%clk 0:40:46]} 47. Rg2 {[%clk 0:10:03]} Bxc6 {[%clk 0:38:23]} 48. bxc6
{[%clk 0:09:33]} Re7 {[%clk 0:31:34]} 49. Bxe4 {[%clk 0:05:55]} fxe4
{[%clk 0:31:56]} 50. Qxb6 {[%clk 0:06:17]} Qf5 {[%clk 0:31:11]} 51. Qe3
{[%clk 0:03:49]} Qe6 {[%clk 0:23:30]} 52. Qc5 {[%clk 0:03:55]} Qf6
{[%clk 0:23:41]} 53. Qxa5 {[%clk 0:02:30]} Qxf4+ {[%clk 0:23:53]} 54. Kh1
{[%clk 0:02:06]} Qf1+ {[%clk 0:21:50]} 55. Kh2 {[%clk 0:02:20]} e3
{[%clk 0:21:45]} 56. Qc5 {[%clk 0:01:20]} Qf4+ {[%clk 0:21:39]} 57. Kg1
{[%clk 0:00:42]} Rf7 {[%clk 0:20:15]} 58. Qh5 {[%clk 0:00:50]} Qf1+
{[%clk 0:19:26]} 59. Kh2 {[%clk 0:01:15]} Qxc4 {[%clk 0:18:42]} 60. Qb5
{[%clk 0:01:09]} Qf4+ {[%clk 0:17:15]} 61. Kg1 {[%clk 0:01:20]} Qd6
{[%clk 0:14:07]} 62. Qb1+ {[%clk 0:01:29]} Kh8 {[%clk 0:13:25]} 63. Qb3
{[%clk 0:00:36]} Re7 {[%clk 0:13:08]} 64. Qc2 {[%clk 0:00:37]} Qe5
{[%clk 0:12:59]} 65. Kf1 {[%clk 0:00:35]} Qf4+ {[%clk 0:12:29]} 66. Kg1
{[%clk 0:00:38]} Qe5 {[%clk 0:10:39]} 67. Kf1 {[%clk 0:00:36]} Rf7+
{[%clk 0:10:13]} 68. Kg1 {[%clk 0:00:44]} Qa1+ {[%clk 0:10:00]} 69. Kh2
{[%clk 0:01:00]} Qe5+ {[%clk 0:05:15]} 70. Kg1 {[%clk 0:01:17]} Qd6
{[%clk 0:03:57]} 71. Qb3 {[%clk 0:01:27]} Re7 {[%clk 0:04:10]} 72. Qc2
{[%clk 0:01:51]} Qe5 {[%clk 0:03:57]} 73. Qd3 {[%clk 0:01:18]} e2
{[%clk 0:04:01]} 74. Qd8+ {[%clk 0:00:31]} Re8 {[%clk 0:04:12]} 75. Rxe2
{[%clk 0:00:48]} Qxe2 {[%clk 0:04:20]} 76. c7 {[%clk 0:01:09]} Qe6
{[%clk 0:04:14]} 77. a5 {[%clk 0:01:18]} Qc8 {[%clk 0:04:29]} 78. Qd6
{[%clk 0:00:36]} Qxh3 {[%clk 0:04:07]} 79. Qd8 {[%clk 0:00:37]} Qc8
{[%clk 0:04:19]} 80. Qd6 {[%clk 0:00:57]} Rf8 {[%clk 0:04:25]} 0-1

[Event "World Senior Championship F50+/F65+"]
[Site "Katerini"]
[Date "2014.10.27"]
[Round "4.6"]
[White "Lauterbach, Ingrid"]
[Black "Birkholz, Olga"]
[Result "1-0"]
[WhiteElo "2095"]
[BlackElo "2067"]
[EventDate "2014.10.24"]

1. e4 {[%clk 1:30:58]} e6 {[%clk 1:30:17]} 2. d4 {[%clk 1:26:23]} c5
{[%clk 1:30:17]} 3. Nf3 {[%clk 1:23:44]} a6 {[%clk 1:30:32]} 4. c4
{[%clk 1:21:53]} cxd4 {[%clk 1:30:13]} 5. Nxd4 {[%clk 1:10:55]} Nf6
{[%clk 1:30:37]} 6. Bd3 {[%clk 1:04:45]} Nc6 {[%clk 1:28:51]} 7. Nxc6
{[%clk 1:03:13]} dxc6 {[%clk 1:29:07]} 8. O-O {[%clk 1:01:28]} e5
{[%clk 1:29:29]} 9. Nc3 {[%clk 0:55:25]} h6 {[%clk 1:25:27]} 10. a3
{[%clk 0:52:16]} Bc5 {[%clk 1:21:40]} 11. Rb1 {[%clk 0:50:58]} O-O
{[%clk 1:07:00]} 12. b4 {[%clk 0:50:15]} Be7 {[%clk 1:03:29]} 13. c5
{[%clk 0:44:47]} Bg4 {[%clk 0:56:35]} 14. Qc2 {[%clk 0:44:02]} a5
{[%clk 0:54:40]} 15. Be3 {[%clk 0:39:37]} Be6 {[%clk 0:52:54]} 16. f3
{[%clk 0:38:29]} axb4 {[%clk 0:49:11]} 17. axb4 {[%clk 0:38:51]} Nh5
{[%clk 0:48:20]} 18. Rfd1 {[%clk 0:37:56]} Bg5 {[%clk 0:45:20]} 19. Bf2
{[%clk 0:35:07]} Nf4 {[%clk 0:40:59]} 20. Bf1 {[%clk 0:32:32]} Qc7
{[%clk 0:38:50]} 21. Ra1 {[%clk 0:30:24]} Be7 {[%clk 0:38:23]} 22. Na4
{[%clk 0:29:26]} Rfd8 {[%clk 0:34:50]} 23. Rxd8+ {[%clk 0:28:17]} Bxd8
{[%clk 0:34:23]} 24. Qb2 {[%clk 0:26:34]} Bf6 {[%clk 0:28:50]} 25. Qc2
{[%clk 0:20:36]} Bd8 {[%clk 0:18:59]} 26. Rd1 {[%clk 0:19:45]} Qe7
{[%clk 0:18:36]} 27. Be1 {[%clk 0:15:59]} Bc7 {[%clk 0:17:45]} 28. g3
{[%clk 0:15:20]} Ng6 {[%clk 0:16:03]} 29. Bc3 {[%clk 0:14:29]} Qg5
{[%clk 0:15:31]} 30. Bd2 {[%clk 0:12:46]} Qf6 {[%clk 0:15:15]} 31. Bg2
{[%clk 0:11:48]} Nf8 {[%clk 0:12:52]} 32. Be3 {[%clk 0:11:19]} Qe7
{[%clk 0:12:14]} 33. Nc3 {[%clk 0:09:03]} Rd8 {[%clk 0:10:56]} 34. Ra1
{[%clk 0:07:12]} Bc4 {[%clk 0:10:44]} 35. Na4 {[%clk 0:04:52]} Bd3
{[%clk 0:08:57]} 36. Qc3 {[%clk 0:04:23]} Ne6 {[%clk 0:08:29]} 37. Rd1
{[%clk 0:03:13]} Bb5 {[%clk 0:08:36]} 38. Rxd8+ {[%clk 0:03:34]} Qxd8
{[%clk 0:08:59]} 39. Nb2 {[%clk 0:04:00]} Nd4 {[%clk 0:08:31]} 40. Kf2
{[%clk 0:33:42]} Ne6 {[%clk 0:35:55]} 41. Bh3 {[%clk 0:30:36]} Ng5
{[%clk 0:35:27]} 42. Bg2 {[%clk 0:29:27]} Ne6 {[%clk 0:34:43]} 43. Nc4
{[%clk 0:24:29]} Qd1 {[%clk 0:32:09]} 44. Qd2 {[%clk 0:19:26]} Qxd2+
{[%clk 0:31:33]} 45. Nxd2 {[%clk 0:19:50]} Kf8 {[%clk 0:31:35]} 46. h4
{[%clk 0:15:30]} Ke7 {[%clk 0:30:55]} 47. Bh3 {[%clk 0:13:41]} Ba6
{[%clk 0:28:46]} 48. Nb3 {[%clk 0:13:09]} Bc4 {[%clk 0:25:14]} 49. Nc1
{[%clk 0:11:47]} Bb5 {[%clk 0:19:55]} 50. Ne2 {[%clk 0:11:34]} Ba6
{[%clk 0:19:38]} 51. Ke1 {[%clk 0:09:38]} Nd4 {[%clk 0:12:49]} 52. Bxd4
{[%clk 0:06:13]} exd4 {[%clk 0:13:10]} 53. f4 {[%clk 0:06:35]} Bxe2
{[%clk 0:09:50]} 54. Kxe2 {[%clk 0:06:58]} b6 {[%clk 0:10:19]} 55. cxb6
{[%clk 0:05:47]} Bxb6 {[%clk 0:10:45]} 56. Kd3 {[%clk 0:06:12]} f6
{[%clk 0:06:45]} 57. h5 {[%clk 0:06:29]} Kd6 {[%clk 0:06:42]} 58. Bf5
{[%clk 0:06:43]} c5 {[%clk 0:06:37]} 59. b5 {[%clk 0:04:48]} Ba5 {[%clk 0:06:29]}
60. Bg6 {[%clk 0:04:24]} Bd8 {[%clk 0:05:25]} 61. Kc4 {[%clk 0:04:25]} Bb6
{[%clk 0:05:41]} 62. Be8 {[%clk 0:04:37]} Ba7 {[%clk 0:05:53]} 63. Bc6
{[%clk 0:04:40]} Bb6 {[%clk 0:06:15]} 64. Bd5 {[%clk 0:04:21]} Ba7
{[%clk 0:06:35]} 65. Kd3 {[%clk 0:04:46]} Bb6 {[%clk 0:06:56]} 66. Bc4
{[%clk 0:05:11]} Ba5 {[%clk 0:07:04]} 67. Ke2 {[%clk 0:05:28]} Ke7
{[%clk 0:06:12]} 68. Kf3 {[%clk 0:05:48]} Kd6 {[%clk 0:06:23]} 69. Kg4
{[%clk 0:05:57]} Ke7 {[%clk 0:05:16]} 70. Kf5 {[%clk 0:06:08]} Bc7
{[%clk 0:05:18]} 71. e5 {[%clk 0:05:52]} fxe5 {[%clk 0:05:35]} 72. fxe5
{[%clk 0:06:15]} Bb6 {[%clk 0:05:34]} 73. Ke4 {[%clk 0:05:40]} Kd7
{[%clk 0:05:03]} 74. Kd5 {[%clk 0:04:56]} Bc7 {[%clk 0:04:16]} 75. g4
{[%clk 0:05:20]} Ke7 {[%clk 0:02:59]} 76. Be2 {[%clk 0:04:15]} Kf7
{[%clk 0:02:20]} 77. Bd3 {[%clk 0:04:26]} Ke7 {[%clk 0:02:24]} 78. Bc4
{[%clk 0:04:47]} Kd7 {[%clk 0:02:26]} 79. e6+ {[%clk 0:04:23]} Ke7
{[%clk 0:02:51]} 80. Kxc5 {[%clk 0:02:20]} d3 {[%clk 0:02:54]} 81. Kd5
{[%clk 0:02:37]} d2 {[%clk 0:02:35]} 82. Be2 {[%clk 0:03:01]} Bb8
{[%clk 0:02:01]} 83. Bd1 {[%clk 0:03:07]} Bf4 {[%clk 0:01:53]} 84. Bb3
{[%clk 0:03:19]} Kd8 {[%clk 0:01:15]} 85. b6 {[%clk 0:03:38]} Kc8
{[%clk 0:01:20]} 86. Kc6 {[%clk 0:03:19]} Bg5 {[%clk 0:01:41]} 87. b7+
{[%clk 0:02:49]} Kb8 {[%clk 0:02:02]} 88. Kd5 1-0

[Event "World Senior Championship F50+/F65+"]
[Site "Katerini"]
[Date "2014.10.27"]
[Round "4.7"]
[White "Strutinskaia, Galina"]
[Black "Khropova, Larisa"]
[Result "1-0"]
[WhiteElo "2287"]
[BlackElo "2026"]
[EventDate "2014.10.24"]

1. c4 {[%clk 1:30:58]} c6 {[%clk 1:30:36]} 2. Nf3 {[%clk 1:31:10]} Nf6
{[%clk 1:30:54]} 3. Nc3 {[%clk 1:31:29]} d5 {[%clk 1:30:56]} 4. e3
{[%clk 1:31:53]} Bg4 {[%clk 1:30:13]} 5. Qb3 {[%clk 1:28:02]} Bc8
{[%clk 1:28:06]} 6. d4 {[%clk 1:24:19]} e6 {[%clk 1:28:08]} 7. Bd3
{[%clk 1:20:30]} Nbd7 {[%clk 1:27:51]} 8. e4 dxe4 {[%clk 1:27:25]} 9. Nxe4
{[%clk 1:16:36]} Nxe4 {[%clk 1:27:22]} 10. Bxe4 {[%clk 1:17:04]} Nf6
{[%clk 1:22:19]} 11. Bc2 {[%clk 1:15:34]} Bd6 {[%clk 1:19:26]} 12. O-O
{[%clk 1:14:45]} h6 {[%clk 1:11:36]} 13. Re1 {[%clk 1:13:33]} O-O
{[%clk 1:11:49]} 14. Ne5 {[%clk 1:13:33]} c5 {[%clk 1:09:19]} 15. dxc5
{[%clk 1:07:40]} Bxc5 {[%clk 1:08:54]} 16. Qg3 {[%clk 1:07:43]} Kh8
{[%clk 0:44:44]} 17. Qh4 {[%clk 1:05:45]} Kg8 {[%clk 0:40:57]} 18. Bxh6
{[%clk 0:57:13]} Qd4 {[%clk 0:32:40]} 19. Bg5 {[%clk 0:49:21]} Qxh4
{[%clk 0:31:39]} 20. Bxh4 {[%clk 0:49:49]} Nd7 {[%clk 0:20:43]} 21. Rad1
{[%clk 0:47:45]} Nxe5 {[%clk 0:18:20]} 22. Rxe5 {[%clk 0:48:12]} b6
{[%clk 0:17:00]} 23. Rd3 {[%clk 0:37:02]} f6 {[%clk 0:13:03]} 24. Re1
{[%clk 0:33:16]} e5 {[%clk 0:12:22]} 25. a3 {[%clk 0:33:42]} Bf5 {[%clk 0:11:55]}
26. Rd2 {[%clk 0:34:10]} Bxc2 {[%clk 0:12:11]} 27. Rxc2 {[%clk 0:34:38]} a5
{[%clk 0:12:25]} 28. Kf1 {[%clk 0:34:58]} Rfd8 {[%clk 0:12:04]} 29. f3
{[%clk 0:35:14]} a4 {[%clk 0:11:14]} 30. Bf2 {[%clk 0:35:23]} Rd3
{[%clk 0:10:57]} 31. Ree2 {[%clk 0:31:34]} Rad8 {[%clk 0:11:08]} 32. Be1
{[%clk 0:31:06]} Kf7 {[%clk 0:10:36]} 33. Red2 {[%clk 0:30:45]} g5
{[%clk 0:10:08]} 34. Rxd3 {[%clk 0:29:55]} Rxd3 {[%clk 0:10:33]} 35. Rc3
{[%clk 0:23:24]} Rd8 {[%clk 0:09:09]} 36. Ke2 {[%clk 0:23:26]} Ke6
{[%clk 0:09:22]} 37. Rc2 {[%clk 0:22:39]} Rh8 {[%clk 0:09:35]} 38. h3
{[%clk 0:22:54]} Rd8 {[%clk 0:09:12]} 39. Bc3 {[%clk 0:50:27]} Rd7
{[%clk 0:03:18]} 40. Rd2 {[%clk 0:50:27]} Rc7 {[%clk 0:32:04]} 41. Rd8
{[%clk 0:49:32]} Bg1 {[%clk 0:25:47]} 42. Kd3 {[%clk 0:49:34]} Rd7+
{[%clk 0:25:50]} 43. Rxd7 {[%clk 0:49:52]} Kxd7 {[%clk 0:26:14]} 44. Kc2
{[%clk 0:50:08]} Bf2 {[%clk 0:26:00]} 45. b3 {[%clk 0:50:08]} axb3+
{[%clk 0:26:25]} 46. Kxb3 {[%clk 0:50:44]} Ke6 {[%clk 0:20:20]} 47. a4 f5
{[%clk 0:19:46]} 48. Kc2 {[%clk 0:48:11]} e4 49. fxe4 {[%clk 0:47:59]} fxe4
{[%clk 0:20:12]} 50. a5 {[%clk 0:48:25]} bxa5 {[%clk 0:20:35]} 51. Bxa5 Kf5
{[%clk 0:18:31]} 52. Bd8 {[%clk 0:47:39]} Kf4 {[%clk 0:07:53]} 53. Bc7+
{[%clk 0:44:25]} Ke3 54. c5 Kd4 {[%clk 0:05:42]} 55. c6 {[%clk 0:44:40]} Kd5
{[%clk 0:05:15]} 56. Bd8 {[%clk 0:45:01]} Kxc6 {[%clk 0:05:27]} 57. Bxg5
{[%clk 0:45:22]} Kd5 {[%clk 0:05:30]} 58. Kd2 {[%clk 0:45:34]} Ke5
{[%clk 0:03:27]} 59. g4 Bc5 60. h4 {[%clk 0:41:28]} Bd4 {[%clk 0:02:43]} 61. Ke2
{[%clk 0:39:25]} Ke6 {[%clk 0:02:59]} 62. Kf1 {[%clk 0:37:53]} Kf7
{[%clk 0:03:05]} 63. Kg2 {[%clk 0:38:11]} Kg6 {[%clk 0:02:23]} 64. Kg3
{[%clk 0:38:13]} Be5+ {[%clk 0:02:39]} 65. Bf4 {[%clk 0:37:02]} Bc3
{[%clk 0:02:07]} 66. Kf2 {[%clk 0:35:33]} Bd4+ {[%clk 0:02:24]} 67. Ke2
{[%clk 0:35:37]} Kf6 {[%clk 0:02:01]} 68. Kd2 {[%clk 0:35:40]} Kg6
{[%clk 0:02:11]} 69. Kc2 {[%clk 0:35:32]} Bf2 {[%clk 0:01:35]} 70. h5+
{[%clk 0:35:29]} Kf6 {[%clk 0:01:19]} 71. Kc3 {[%clk 0:35:46]} Bb6
{[%clk 0:01:17]} 72. Kc4 {[%clk 0:35:51]} Bf2 {[%clk 0:00:59]} 73. g5+
{[%clk 0:31:17]} Kg7 {[%clk 0:01:18]} 74. Kd5 {[%clk 0:31:01]} e3
{[%clk 0:01:37]} 75. Be5+ {[%clk 0:31:21]} Kh7 {[%clk 0:01:13]} 76. Bd4
{[%clk 0:31:35]} Bg1 {[%clk 0:01:25]} 77. Bc3 {[%clk 0:24:11]} Bf2
{[%clk 0:01:50]} 78. g6+ {[%clk 0:23:54]} Kh6 {[%clk 0:01:47]} 79. g7
{[%clk 0:18:33]} Kh7 {[%clk 0:02:00]} 80. Ke6 {[%clk 0:19:01]} Kg8
{[%clk 0:01:58]} 81. h6 {[%clk 0:18:14]} e2 {[%clk 0:00:58]} 82. h7+
{[%clk 0:18:25]} 1-0

[Event "World Senior Championship F50+/F65+"]
[Site "Katerini"]
[Date "2014.10.27"]
[Round "4.8"]
[White "Khmiadashvili, Tamar"]
[Black "Ungure, Liga"]
[Result "1/2-1/2"]
[WhiteElo "2090"]
[BlackElo "1997"]
[EventDate "2014.10.24"]

1. e4 {[%clk 1:30:53]} c5 {[%clk 1:30:48]} 2. b3 {[%clk 1:31:16]} e6
{[%clk 1:30:50]} 3. Bb2 {[%clk 1:31:37]} a6 {[%clk 1:30:53]} 4. f4
{[%clk 1:30:04]} Nf6 {[%clk 1:28:51]} 5. Nc3 {[%clk 1:26:10]} d6 {[%clk 1:27:19]}
6. Nf3 {[%clk 1:23:45]} Nc6 {[%clk 1:26:34]} 7. d4 {[%clk 1:19:09]} cxd4
{[%clk 1:26:15]} 8. Nxd4 {[%clk 1:18:59]} Bd7 {[%clk 1:25:16]} 9. Nxc6
{[%clk 1:12:56]} Bxc6 {[%clk 1:22:37]} 10. Qd4 {[%clk 1:08:43]} Qa5
{[%clk 1:09:49]} 11. b4 {[%clk 1:05:28]} e5 {[%clk 1:08:49]} 12. bxa5
{[%clk 0:48:33]} exd4 {[%clk 1:09:16]} 13. Nd5 {[%clk 0:42:22]} Bxd5
{[%clk 1:02:13]} 14. exd5 {[%clk 0:42:46]} Nxd5 {[%clk 1:02:20]} 15. Bxd4
{[%clk 0:41:52]} Nxf4 {[%clk 1:01:27]} 16. g3 {[%clk 0:33:23]} Ne6
{[%clk 0:59:11]} 17. Bb6 {[%clk 0:33:08]} Be7 {[%clk 0:51:30]} 18. O-O-O
{[%clk 0:23:00]} O-O {[%clk 0:47:35]} 19. Bg2 {[%clk 0:20:43]} Rab8
{[%clk 0:34:50]} 20. Rhe1 {[%clk 0:18:20]} Rfe8 {[%clk 0:33:41]} 21. Kb1
{[%clk 0:16:52]} Kf8 {[%clk 0:27:48]} 22. Bh3 {[%clk 0:13:41]} Nc5
{[%clk 0:20:30]} 23. Bc7 {[%clk 0:09:26]} Ra8 {[%clk 0:15:57]} 24. Rxe7
{[%clk 0:08:28]} Rxe7 {[%clk 0:13:07]} 25. Bxd6 {[%clk 0:08:38]} Ne6
{[%clk 0:13:04]} 26. Bg2 {[%clk 0:05:29]} Ke8 {[%clk 0:12:42]} 27. Bxe7
{[%clk 0:05:47]} Kxe7 {[%clk 0:13:10]} 28. Kb2 {[%clk 0:05:20]} Rd8
{[%clk 0:10:50]} 29. Rb1 {[%clk 0:03:35]} Rd7 {[%clk 0:09:30]} 30. Kc3
{[%clk 0:03:42]} Rc7+ {[%clk 0:09:15]} 31. Kd2 {[%clk 0:04:02]} Nc5
{[%clk 0:07:01]} 32. c4 {[%clk 0:03:11]} Rd7+ {[%clk 0:03:47]} 33. Bd5
{[%clk 0:03:29]} Kd6 {[%clk 0:03:53]} 34. Rf1 {[%clk 0:02:31]} f6
{[%clk 0:03:43]} 35. Rb1 {[%clk 0:02:56]} Kc7 {[%clk 0:03:36]} 36. Rb2
{[%clk 0:02:50]} Kb8 {[%clk 0:02:45]} 37. Ke3 {[%clk 0:02:58]} Re7+
{[%clk 0:02:25]} 38. Kd4 {[%clk 0:03:12]} Ne6+ {[%clk 0:02:26]} 39. Kc3
{[%clk 0:03:02]} Nd8 {[%clk 0:02:20]} 40. Kb4 {[%clk 0:33:02]} Kc7
{[%clk 0:32:14]} 41. g4 {[%clk 0:22:47]} Re5 {[%clk 0:24:29]} 42. Ka4
{[%clk 0:19:49]} Rg5 {[%clk 0:23:10]} 43. Rg2 {[%clk 0:17:34]} h6
{[%clk 0:21:24]} 44. h4 {[%clk 0:17:05]} Re5 {[%clk 0:21:49]} 45. Rb2
{[%clk 0:14:59]} Re3 {[%clk 0:21:19]} 46. Rg2 {[%clk 0:12:35]} Ne6
{[%clk 0:18:43]} 47. Bxe6 {[%clk 0:10:39]} Rxe6 {[%clk 0:19:12]} 48. Kb4
{[%clk 0:10:56]} Kc6 {[%clk 0:18:21]} 49. a3 {[%clk 0:09:25]} Re4
{[%clk 0:15:58]} 50. Rg3 {[%clk 0:06:49]} Re5 {[%clk 0:11:47]} 51. Rd3
{[%clk 0:05:27]} Re4 {[%clk 0:11:58]} 52. Rg3 {[%clk 0:05:37]} Re5
{[%clk 0:12:08]} 1/2-1/2